Statistics for Countries with no natural rivers

Click here to take the quiz!

General Stats

  • This quiz has been taken 13 times
  • The average score is 15 of 19

Answer Stats

SizeCountry% Correct
17,818km2
6,880mi2
Kuwait
92%
1,759,540km2
679,360mi2
Libya
92%
2km2
0.8mi2
Monaco
92%
309,500km2
119,500
Oman
92%
2,149,690km2
830,000mi2
Saudi Arabia
92%
83,600km2
32,300mi2
UAE
92%
0.5km2
0.2mi2
Vatican City
92%
555,000km2
214,000mi2
Yemen
92%
786km2
303mi2
Bahrain
83%
300km2
120mi2
Maldives
83%
21km2
8mi2
Nauru
83%
1,862km2
719mi2
Comoros
75%
316km2
122mi2
Malta
75%
11,586km2
4,473mi2
Qatar
75%
23,200km2
9,000mi2
Djibouti
67%
811km2
313mi2
Kiribati
67%
181km2
70mi2
Marshall Islands
67%
747km2
288mi2
Tonga
58%
26km2
10mi2
Tuvalu
58%

Score Distribution

Percentile by Number Answered

Percent of People with Each Score

Your Score History

You have not taken this quiz